[Event "Bad Woerishofen op 24th"]
[Site "Bad Woerishofen"]
[Date "2008.03.05"]
[Round "7"]
[White "Bangert, Ruediger"]
[Black "Schafroth, Georg"]
[Result "1-0"]
[WhiteElo "1482"]
[BlackElo "1233"]
[PlyCount "65"]
[EventDate "2008.02.28"]
[EventType "swiss"]
[EventRounds "9"]
[EventCountry "GER"]
[SourceTitle "EXT 2022"]
[Source "ChessBase"]
[SourceDate "2021.10.06"]
[SourceVersion "1"]
[SourceVersionDate "2021.10.06"]
[SourceQuality "1"]

1. Nf3 d5 2. d4 Nf6 3. c4 c6 4. cxd5 cxd5 5. Nc3 e6 6. e3 Bd6 7. Bd3 h6 8. Bd2 a6 9. 0-0 0-0 10. Re1 Nc6 11. a3 Re8 12. b4 b6 13. Qc2 Qc7 14. Rac1 Bb7 15. Ne2 Rac8 16. Qb1 Qb8 17. Rc3 b5 18. Qb3 Ng4 19. Ng3 Ne7 20. Rxc8 Rxc8 21. Rc1 Rxc1+ 22. Bxc1 Qc8 23. Bd2 Nc6 24. Qd1 Qc7 25. Nh4 Nf6 26. Nf3 Ne7 27. Kh1 Ng4 28. Qe2 h5 29. Nxh5 Bxh2 30. g3 g6 31. Nf4 Kg7 32. Nxh2 Nxh2 33. Kxh2 1-0

[Event "Bad Woerishofen Seniors opA 23rd"]
[Site "Bad Woerishofen"]
[Date "2007.03.15"]
[Round "8"]
[White "Schafroth, Georg"]
[Black "Wolf, Margot"]
[Result "1/2-1/2"]
[WhiteElo "1254"]
[BlackElo "1306"]
[PlyCount "49"]
[EventDate "2007.03.08"]
[EventType "swiss"]
[EventRounds "9"]
[EventCountry "GER"]
[SourceTitle "EXT 2022"]
[Source "ChessBase"]
[SourceDate "2021.10.06"]
[SourceVersion "1"]
[SourceVersionDate "2021.10.06"]
[SourceQuality "1"]

1. d4 d5 2. c4 e6 3. e3 c6 4. Nc3 Nf6 5. Nf3 Be7 6. Bd3 Nbd7 7. 0-0 0-0 8. a3 dxc4 9. Bxc4 Nd5 10. Nxd5 exd5 11. Bd3 Nf6 12. Qc2 h6 13. Bd2 Bd6 14. h3 Re8 15. Rfe1 Bd7 16. b4 a6 17. Nh4 Bc7 18. Nf5 Bxf5 19. Bxf5 Qd6 20. f4 Ne4 21. Bxe4 Rxe4 22. Qd1 Qg6 23. Qf3 Rae8 24. Qg4 Qxg4 25. hxg4 1/2-1/2

[Event "Bad Woerishofen Seniors opA 23rd"]
[Site "Bad Woerishofen"]
[Date "2007.03.12"]
[Round "5"]
[White "Harke, Horst"]
[Black "Schafroth, Georg"]
[Result "1-0"]
[WhiteElo "1574"]
[BlackElo "1254"]
[PlyCount "81"]
[EventDate "2007.03.08"]
[EventType "swiss"]
[EventRounds "9"]
[EventCountry "GER"]
[SourceTitle "EXT 2022"]
[Source "ChessBase"]
[SourceDate "2021.10.06"]
[SourceVersion "1"]
[SourceVersionDate "2021.10.06"]
[SourceQuality "1"]

1. d4 d5 2. c4 c6 3. e3 Nf6 4. Nc3 e6 5. Nf3 Nbd7 6. Bd3 h6 7. Bd2 Bd6 8. cxd5 cxd5 9. Rc1 0-0 10. a3 a6 11. 0-0 b6 12. b4 Bb7 13. Na4 Rc8 14. Qe2 Rxc1 15. Rxc1 b5 16. Nc5 Bxc5 17. bxc5 Bc6 18. Qe1 Qa8 19. Ba5 Rb8 20. h3 Rb7 21. Nd2 b4 22. axb4 e5 23. Bf5 Qe8 24. f3 g6 25. Bd3 exd4 26. exd4 Qxe1+ 27. Rxe1 Kf8 28. Bxa6 Rb8 29. Bd3 Nh5 30. Bf1 Nf4 31. Bc7 Rxb4 32. Bxf4 Rxd4 33. Bxh6+ Kg8 34. Be3 Rb4 35. Rb1 Ra4 36. Bb5 Bxb5 37. Rxb5 Ra1+ 38. Rb1 Ra3 39. c6 Ne5 40. c7 Rc3 41. Rb8+ 1-0

[Event "Bad Woerishofen Seniors opA 23rd"]
[Site "Bad Woerishofen"]
[Date "2007.03.10"]
[Round "3"]
[White "Xander, Karl"]
[Black "Schafroth, Georg"]
[Result "1-0"]
[WhiteElo "1791"]
[BlackElo "1254"]
[PlyCount "85"]
[EventDate "2007.03.08"]
[EventType "swiss"]
[EventRounds "9"]
[EventCountry "GER"]
[SourceTitle "EXT 2022"]
[Source "ChessBase"]
[SourceDate "2021.10.06"]
[SourceVersion "1"]
[SourceVersionDate "2021.10.06"]
[SourceQuality "1"]

1. e4 c5 2. Nf3 d6 3. d4 cxd4 4. Nxd4 e6 5. Nc3 a6 6. Be3 Nf6 7. Bd3 e5 8. Nb3 Be6 9. 0-0 Be7 10. f4 Bg4 11. Qd2 Be6 12. Rad1 0-0 13. Be2 Nc6 14. f5 Bxb3 15. axb3 h6 16. g4 Nh7 17. Nd5 Ng5 18. Nxe7+ Qxe7 19. Bxg5 hxg5 20. Bc4 Rad8 21. Rf3 Rd7 22. Rh3 b5 23. Bd5 Rc7 24. Rf1 Qf6 25. Rh5 Ne7 26. Rf3 Rfc8 27. Rfh3 Kf8 28. c3 Ke8 29. Qxg5 Qxg5 30. Rxg5 Nxd5 31. exd5 f6 32. Rg6 Kf7 33. g5 Rg8 34. gxf6 Kf8 35. Rhg3 Rf7 36. fxg7+ Rfxg7 37. Rxd6 Rxg3+ 38. hxg3 Rxg3+ 39. Kf2 Rg5 40. Rxa6 Rxf5+ 41. Ke3 Rf1 42. Rb6 Re1+ 43. Kd2 1-0

[Event "Bad Woerishofen Seniors opA 22th"]
[Site "Bad Woerishofen"]
[Date "2006.03.20"]
[Round "4"]
[White "Disselberger, Alfons"]
[Black "Schafroth, Georg"]
[Result "0-1"]
[WhiteElo "1224"]
[BlackElo "1366"]
[PlyCount "72"]
[EventDate "2006.03.17"]
[EventType "swiss"]
[EventRounds "9"]
[EventCountry "GER"]
[SourceTitle "EXT 2022"]
[Source "ChessBase"]
[SourceDate "2021.10.06"]
[SourceVersion "1"]
[SourceVersionDate "2021.10.06"]
[SourceQuality "1"]

1. e4 e5 2. Nf3 d6 3. d4 Nc6 4. d5 Nce7 5. c4 Nf6 6. Be2 Nxe4 7. 0-0 Nc5 8. b4 Nd7 9. Nc3 a6 10. Be3 Nf5 11. Bg5 Be7 12. Bd2 0-0 13. Ne4 h6 14. g4 Nh4 15. Nxh4 Bxh4 16. f4 Nf6 17. Nxf6+ Bxf6 18. Rb1 exf4 19. Bxf4 Re8 20. Bf3 g5 21. Bd2 Bd4+ 22. Kg2 Bf6 23. Rb3 Bd7 24. Be2 Ba4 25. Rff3 Bxb3 26. axb3 Re4 27. Re3 Qe8 28. Rxe4 Qxe4+ 29. Kh3 Re8 30. Bf1 Qd4 31. Be2 Qf2 32. Bd3 Be5 33. Qe2 Qh4+ 34. Kg2 Qxh2+ 35. Kf1 Qh1+ 36. Kf2 Bd4+ 0-1

[Event "Bad Woerishofen Seniors op 19th"]
[Site "Bad Woerishofen"]
[Date "2003.03.13"]
[Round "1"]
[White "Wild, Gerhard"]
[Black "Schafroth, Georg"]
[Result "1-0"]
[WhiteElo "2072"]
[BlackElo "1438"]
[PlyCount "39"]
[EventDate "2003.03.13"]
[EventType "swiss"]
[EventRounds "9"]
[EventCountry "GER"]
[SourceTitle "EXT 2004"]
[Source "ChessBase"]
[SourceDate "2003.11.25"]
[SourceVersion "1"]
[SourceVersionDate "2003.11.25"]
[SourceQuality "1"]

1. d4 Nf6 2. c4 e5 3. dxe5 Ng4 4. e4 Nxe5 5. f4 Nec6 6. Be3 Bb4+ 7. Nd2 Qe7 8. Bd3 Bc5 9. Qe2 Bxe3 10. Qxe3 d6 11. 0-0-0 0-0 12. Ne2 Nd7 13. Nc3 Nf6 14. h3 h6 15. g4 Nb4 16. Bb1 Re8 17. Qf3 Nc6 18. Rde1 Nd4 19. Qd3 g6 20. Qxd4 1-0

[Event "Bad Woerishofen Seniors op 17th"]
[Site "Bad Woerishofen"]
[Date "2001.03.20"]
[Round "6"]
[White "Hoeppner, Hans1111"]
[Black "Schafroth, Georg"]
[Result "1/2-1/2"]
[WhiteElo "1690"]
[BlackElo "1700"]
[PlyCount "69"]
[EventDate "2001.03.??"]
[EventType "swiss"]
[EventRounds "9"]
[EventCountry "GER"]
[SourceTitle "EXT 2002"]
[Source "ChessBase"]
[SourceDate "2001.11.25"]
[SourceVersion "1"]
[SourceVersionDate "2001.11.25"]
[SourceQuality "1"]

1. e3 d5 2. Ne2 e5 3. Ng3 Nf6 4. Nh5 g6 5. Nxf6+ Qxf6 6. d3 Bg7 7. Nd2 Nc6 8. e4 Be6 9. Be2 Nd4 10. 0-0 0-0 11. c3 Nxe2+ 12. Qxe2 c5 13. h3 Rfd8 14. Nf3 Qe7 15. Ng5 Bc8 16. Re1 d4 17. c4 f6 18. Nf3 Rf8 19. Nh2 f5 20. exf5 Bxf5 21. a3 b6 22. b4 Rae8 23. g4 Bc8 24. f3 Bb7 25. Rf1 Qc7 26. b5 Qb8 27. a4 Qc7 28. Bg5 h6 29. Bh4 Rf7 30. Bg3 Rfe7 31. Qe1 Qd7 32. a5 Qd8 33. a6 Ba8 34. Bh4 g5 35. Bg3 1/2-1/2